Statistics for 2023 MLB Gold Glove Award Winners

Click here to take the quiz!

General Stats

  • This quiz has been taken 54 times
  • The average score is 15 of 20

Answer Stats

PositionTeamAnswer% Correct
RFSDFernando Tatis Jr.
88%
RFTEXAdolis Garcia
86%
PPHIZack Wheeler
86%
1BARZChristian Walker
84%
SSNYYAnthony Volpe
82%
CARZGabriel Moreno
80%
CTEXJonah Heim
80%
3BTORMatt Chapman
80%
1BTEXNathaniel Lowe
80%
SSCHCDansby Swanson
78%
3BPITKe'Bryan Hayes
78%
LFCLESteven Kwan
75%
UTLSDHa-Seong Kim
71%
PTORJose Berrios
71%
2BCLEAndres Gimenez
67%
2BCHCNico Hoerner
67%
LFCHCIan Happ
65%
CFTORKevin Kiermaier
63%
UTLHOUMauricio Dubon
53%
CFCOLBrenton Doyle
39%

Score Distribution

Percentile by Number Answered

Percent of People with Each Score

Your Score History

You have not taken this quiz